<?xml version="1.0" encoding="UTF-8"?>
<record
    xmlns:xsi="http://www.w3.org/2001/XMLSchema-instance"
    xsi:schemaLocation="http://www.loc.gov/MARC21/slim http://www.loc.gov/standards/marcxml/schema/MARC21slim.xsd"
    xmlns="http://www.loc.gov/MARC21/slim">

  <leader>00752nam a22001697a 4500</leader>
  <controlfield tag="003">UA-OsUOA</controlfield>
  <controlfield tag="001"> 18192 </controlfield>
  <controlfield tag="007">ta</controlfield>
  <controlfield tag="008">20040423b un ||||| |||| 00| 0 ukr d</controlfield>
  <datafield tag="942" ind1=" " ind2=" ">
    <subfield code="c">SA</subfield>
  </datafield>
  <datafield tag="040" ind1=" " ind2=" ">
    <subfield code="a">UA-OsUOA</subfield>
    <subfield code="c">UA-OsUOA</subfield>
    <subfield code="d">UA-OsUOA</subfield>
  </datafield>
  <datafield tag="245" ind1=" " ind2=" ">
    <subfield code="a">&#x412;&#x43E;&#x43B;&#x43E;&#x434;&#x430;&#x440; &#x43F;&#x456;&#x434;&#x432;&#x43E;&#x434;&#x43D;&#x43E;&#x433;&#x43E; &#x446;&#x430;&#x440;&#x441;&#x442;&#x432;&#x430;</subfield>
    <subfield code="b">[&#x420;&#x456;&#x432;&#x43D;&#x44F;&#x43D;&#x438;&#x43D; &#x41F;.&#x413;&#x430;&#x43D;&#x441;&#x44C;&#x43A;&#x438;&#x439; &#x43F;&#x43E;&#x432;&#x435;&#x440;&#x43D;&#x443;&#x432;&#x441;&#x44F; &#x437; &#x427;&#x435;&#x440;&#x43D;&#x456;&#x433;&#x43E;&#x432;&#x430; , &#x434;&#x435; &#x43F;&#x440;&#x43E;&#x445;&#x43E;&#x434;&#x438;&#x432; &#x406;-&#x439; &#x41C;&#x456;&#x436;&#x43D;&#x430;&#x440;. &#x43A;&#x43E;&#x43D;&#x43A;&#x443;&#x440;&#x441; &#x430;&#x43A;&#x432;&#x430;&#x440;&#x456;&#x443;&#x43C;&#x456;&#x441;&#x442;&#x456;&#x432; "&#x414;&#x438;&#x432;&#x43E;&#x441;&#x432;&#x456;&#x442;" , &#x43E;&#x440;&#x433;&#x430;&#x43D;&#x456;&#x437;&#x43E;&#x432;&#x430;&#x43D;&#x438;&#x439; &#x43A;&#x43E;&#x43C;&#x430;&#x43D;&#x456;&#x454;&#x44E; "&#x410;&#x433;&#x430;&#x442;&#x456;&#x441;", &#x43F;&#x435;&#x440;&#x435;&#x43C;&#x43E;&#x436;&#x446;&#x435;&#x43C;]</subfield>
  </datafield>
  <datafield tag="300" ind1=" " ind2=" ">
    <subfield code="a">&#x421;.12</subfield>
  </datafield>
  <datafield tag="955" ind1=" " ind2=" ">
    <subfield code="a">0</subfield>
  </datafield>
  <datafield tag="773" ind1="0" ind2=" ">
    <subfield code="w">0</subfield>
    <subfield code="t">&#x420;&#x456;&#x432;&#x43D;&#x435;&#x43D;&#x441;&#x44C;&#x43A;&#x430; &#x433;&#x430;&#x437;&#x435;&#x442;&#x430;</subfield>
    <subfield code="d">&#x420;&#x456;&#x432;&#x43D;&#x435;</subfield>
    <subfield code="d">2004</subfield>
    <subfield code="g">&#x2116;19/2 &#x43A;&#x432;&#x456;&#x442;./</subfield>
  </datafield>
  <datafield tag="650" ind1=" " ind2="7">
    <subfield code="a">&#x413;&#x430;&#x43D;&#x441;&#x44C;&#x43A;&#x438;&#x439; &#x41F;.</subfield>
    <subfield code="2">UDC</subfield>
  </datafield>
  <datafield tag="999" ind1=" " ind2=" ">
    <subfield code="c">304362</subfield>
    <subfield code="d">304362</subfield>
  </datafield>
</record>
